Country Logic Puzzle by Scambigol #24 - Statistics

General Stats
  • This quiz has been taken 213 times
  • The average score is 1 of 49
Answers on the Map
Answers color-coded by a green-red scale on the quiz's map according to % correct below.
 
Answer Stats
Country % Correct
ARGENTINA
67%
IRAN
34%
AFGHANISTAN
8%
CHILE
8%
ARMENIA
5%
AZERBAIJAN
5%
ALGERIA
3%
AUSTRALIA
3%
INDONESIA
3%
MALAYSIA
3%
PAPUA NEW GUINEA
3%
THAILAND
3%
PAKISTAN
2%
PERU
2%
ALBANIA
0%
ANDORRA
0%
ANGOLA
0%
AUSTRIA
0%
BRAZIL
0%
BURKINA FASO
0%
CENTRAL AFRICAN REPUBLIC
0%
CHAD
0%
CHINA
0%
CROATIA
0%
EGYPT
0%
FRANCE
0%
GERMANY
0%
ISRAEL
0%
ITALY
0%
IVORY COAST
0%
KAZAKHSTAN
0%
LATVIA
0%
LIBYA
0%
LITHUANIA
0%
MALI
0%
MAURITANIA
0%
MONTENEGRO
0%
MOROCCO
0%
MYANMAR
0%
NIGER
0%
POLAND
0%
REPUBLIC OF THE CONGO
0%
RUSSIA
0%
SLOVENIA
0%
SPAIN
0%
SUDAN
0%
SYRIA
0%
TURKEY
0%
TURKMENISTAN
0%
No matching quizzes found
Score Distribution
Percent of People with Each Score
Percentile by Number Answered
Your Score History
You have not taken this quiz